Most Points For Each Day Of The 2013-14 NBA Regular Season - Statistics

General Stats
  • This quiz has been taken 19 times
  • The average score is 29 of 61
Answer Stats
Team Player Days Led % Correct
Oklahoma City Thunder Kevin Durant 29
100%
Miami Heat LeBron James 16
94%
Los Angeles Clippers Blake Griffin 7
88%
Los Angeles Clippers Chris Paul 3
88%
Houston Rockets James Harden 13
88%
Cleveland Cavaliers Kyrie Irving 8
88%
Oklahoma City Thunder Russell Westbrook 2
88%
Golden State Warriors Stephen Curry 10
88%
New Orleans Pelicans Anthony Davis 3
82%
Washington Wizards Bradley Beal 2
82%
New York Knicks Carmelo Anthony 9
82%
Portland Trail Blazers Damian Lillard 3
82%
Dallas Mavericks Dirk Nowitzki 2
82%
Washington Wizards John Wall 3
82%
Golden State Warriors Klay Thompson 2
82%
Milwaukee Bucks Caron Butler 1
76%
Houston Rockets Dwight Howard 2
76%
Sacramento Kings DeMarcus Cousins 2
71%
Toronto Raptors DeMar DeRozan 2
65%
Minnesota Timberwolves Kevin Love 10
65%
Indiana Pacers Paul George 2
65%
San Antonio Spurs Tony Parker 1
65%
Golden State Warriors Andre Iguodala 1
59%
Phoenix Suns Gerald Green 1
53%
Sacramento Kings Isaiah Thomas 2
53%
Golden State Warriors David Lee 1
47%
New Orleans Pelicans Eric Gordon 1
47%
Detroit Pistons Josh Smith 1
47%
Portland Trail Blazers LaMarcus Aldridge 2
47%
Houston Rockets Jeremy Lin 1
41%
Philadelphia 76ers Michael Carter-Williams 1
41%
Dallas Mavericks Monta Ellis 2
41%
Orlando Magic Nikola Vučević 1
41%
Chicago Bulls Carlos Boozer 2
35%
Brooklyn Nets Joe Johnson 2
35%
Orlando Magic Victor Oladipo 1
35%
Detroit Pistons Brandon Jennings 2
29%
Minnesota Timberwolves Kevin Martin 1
29%
Los Angeles Lakers Nick Young 3
29%
Charlotte Bobcats Al Jefferson 1
24%
Minnesota Timberwolves Corey Brewer 1
24%
Phoenix Suns Goran Dragic 2
24%
Denver Nuggets Kenneth Faried 2
24%
San Antonio Spurs Patty Mills 1
24%
Toronto Raptors Rudy Gay 1
24%
Houston Rockets Terrence Jones 2
24%
New York Knicks Tim Hardaway Jr. 1
24%
Orlando Magic Arron Afflalo 2
18%
Houston Rockets Chandler Parsons 1
18%
Boston Celtics Jared Sullinger 1
18%
Toronto Raptors Terrence Ross 1
18%
Philadelphia 76ers Tony Wroten 1
18%
Washington Wizards Trevor Ariza 1
18%
Milwaukee Bucks Brandon Knight 1
12%
Chicago Bulls D.J. Augustin 1
12%
Philadelphia 76ers James Anderson 1
12%
Los Angeles Lakers Jodie Meeks 1
12%
Utah Jazz Alec Burks 1
6%
Brooklyn Nets Marcus Thornton 1
6%
New Orleans Pelicans Tyreke Evans 2
6%
Golden State Warriors Marreese Speights 1
0%
No matching quizzes found
Score Distribution
Percent of People with Each Score
Percentile by Number Answered
Your Score History
You have not taken this quiz